000 00704nam a2200241Ia 4500
003 OSt
005 20220926020955.0
006 a|||||r|||| 00| 0
007 ta
008 220923b |||||||| |||| 00| 0 eng d
037 _cGeneral Book
040 _aRTL
_cRTL
_beng
041 _2eng
_aeng
082 _aB377, N1.1
100 _aJobson J D
_9325471
245 0 _aApplied multivariate data analysis 2V
260 _aNew York
_bSpringer-Verlag
_c1991
300 _a621p
_ccm.
490 _vV1: Regression and Experimental Design (621p)
_aSpringer Texts in Statistics
650 _aReal Variable
942 _hB377, N1.1
_cGB
_2CC
999 _c635326
_d635326